Normal view
MARC view
- edited Nicola Foote , Nadya Williams
Entry Personal Name
001 - CONTROL NUMBER
- control field: 6136
003 - CONTROL NUMBER IDENTIFIER
- control field: JO-AjAnu
005 - DATE AND TIME OF LATEST TRANSACTION
- control field: 20230606071309.0
008 - FIXED-LENGTH DATA ELEMENTS
- fixed length control field: 230606|| aca||aabn | a|a d
040 ## - CATALOGING SOURCE
- Original cataloging agency: JO-AjAnu
- Transcribing agency: JO-AjAnu
100 ## - HEADING--PERSONAL NAME
- Personal name: edited Nicola Foote , Nadya Williams
670 ## - SOURCE DATA FOUND
- Source citation: Work cat.: (JO-AjAnu)3181: edited Nicola Foote , Nadya Williams, author, Civilians and Warfare in World History